000
00299nam a22001217a 4500
008
260423b |||||||| |||| 00| 0 eng d
082
_a
001278
100
_a
Tivari, Shashi
245
_a
Patanjala Yoga Sutram
260
_a
Delhi
_b
New Bharatiya Book Corporation
_c
2021
300
_a
221p
942
_2
ddc
999
_c
1281
_d
1281